000
00185 a2200097 4500
020
_a
0590956108
041
_a
spa
100
_a
Yaccarino, Dan
245
_a
Zoom, Zoom, Zoom
942
_c
BK
999
_c
26916
_d
26916